Arsenal FC | Premier League Squads - 2024/2025 - Statistics

General Stats
  • This quiz has been taken 82 times
  • The average score is 22 of 25
Answer Stats
Position Player National Number % Correct
Forward Gabriel Martinelli 11
99%
Midfielder Martin Ødegaard 8
99%
Forward Bukayo Saka 7
97%
Goalkeeper David Raya 22
97%
Defender William Saliba 2
97%
Defender Oleksandr Zinchenko 17
96%
Midfielder Thomas Partey 5
96%
Midfielder Declan Rice 41
94%
Forward Gabriel Jesus 9
94%
Midfielder Jorginho 20
94%
Forward Kai Havertz 29
94%
Manager Mikel Arteta
94%
Defender Gabriel Magalhães 6
93%
Midfielder Mikel Merino 23
91%
Forward Leandro Trossard 19
90%
Defender Riccardo Calafiori 33
90%
Defender Jakub Kiwior 15
87%
Defender Ben White 4
84%
Defender Jurrien Timber 12
83%
Defender Myles Lewis-Skelly 49
83%
Defender Takehiro Tomiyasu 18
83%
Defender Kieran Tierney 3
80%
Midfielder Ethan Nwaneri 53
76%
Goalkeeper Neto 32
76%
Forward Raheem Sterling 30
71%
No matching quizzes found
Score Distribution
Percent of People with Each Score
Percentile by Number Answered
Your Score History
You have not taken this quiz